01001nam a22002535i 450000100060000000300090000600500170001500700030003200800410003502000180007604000220009408000130011610000390012924502030016825000120037126000340038330000210041750400320043865000330047070000430050385200620054699900170060895201220062511140ES-MaACL20250806063118.0t|940216s1993 sp ||||0| spa j a84-7432-501-3 aM-BN bspa cM-BN a511(091)1 aLizcano, Emmánuel,d1950-97262110aImaginario colectivo y creación matemática b: la construcción social del número, el espacio y lo imposible en China y en Grecia / cpor Emmánuel Lizcano ; prólogo de Antonio Escohotado. a1ª ed. aBarcelona : bGedisa, c1993. a288 p ; c23 cm. aBibliografía. p. 277-288.14aNúmeros-vHistoria.9156471 aEscohotado, Antonio,d1941-2021947583 aES-MaACLjL-18499 z. - Dedicatoria autógrafa del autor c11140d11140 00104070aATENEOMbATENEOMcDEPO2d2008-01-17eSCl0oL-18499p1011360r2023-02-23 00:00:00w2023-02-23yMONOGRAFIA